শ্রীমদ্ভাগবত দশম-স্কন্ধ / (Record no. 82548)
[ view plain ]
| 000 -LEADER | |
|---|---|
| fixed length control field | 01107nam a2200241 a 4500 |
| 001 - CONTROL NUMBER | |
| control field | 82548 |
| 003 - CONTROL NUMBER IDENTIFIER | |
| rucl marc code | BD-RjUL |
| 005 - DATE AND TIME OF LATEST TRANSACTION | |
| control field | 20231226152053.0 |
| 008 - FIXED-LENGTH DATA ELEMENTS--GENERAL INFORMATION | |
| fixed length control field | 231226s1993 ii ||||| |||| 00| 0 ben d |
| 035 ## - SYSTEM CONTROL NUMBER | |
| System control number | (BD-RjUL)82548 |
| 040 ## - CATALOGING SOURCE | |
| Original cataloging agency | BD-RjUL |
| Language of cataloging | ben |
| Transcribing agency | BD-RjUL |
| 041 ## - LANGUAGE CODE | |
| Language code of text/sound track or separate title | ben |
| 082 ## - DEWEY DECIMAL CLASSIFICATION NUMBER | |
| Edition number | 23 |
| Classification number | 294.59212 |
| Author mark and year | BRS 1993 |
| 100 1# - MAIN ENTRY--PERSONAL NAME | |
| Personal name | ব্রক্ষচারী, মহানামব্রত |
| 9 (RLIN) | 148422 |
| 245 10 - TITLE STATEMENT | |
| Title | শ্রীমদ্ভাগবত দশম-স্কন্ধ / |
| Statement of responsibility, etc. | মহানামব্রত ব্রক্ষচারী |
| 250 ## - EDITION STATEMENT | |
| Edition statement | ৫ম সং. |
| 260 ## - PUBLICATION, DISTRIBUTION, ETC. (IMPRINT) | |
| Place of publication, distribution, etc. | কলিকাতা : |
| Name of publisher, distributor, etc. | শ্রীমহানামব্রত কালচারাল এণ্ড ওয়েলফেয়ার ট্রাস্ট, |
| Date of publication, distribution, etc. | ১৯৯৩ |
| 300 ## - PHYSICAL DESCRIPTION | |
| Pagination | খণ্ড ; |
| Size | ২৫ সেমি. |
| 505 ## - FORMATTED CONTENTS NOTE | |
| Formatted contents note | খণ্ড ২ একোনত্রিংশ হইতে একোনচত্বারিংশ অধ্যায় পর্যন্ত |
| 650 ## - SUBJECT ADDED ENTRY--TOPICAL TERM | |
| Topical term or geographic name as entry element | বৈদিক সাহিত্য |
| 9 (RLIN) | 118428 |
| Topical term or geographic name as entry element | Vedic literature |
| 9 (RLIN) | 118429 |
| 942 ## - ADDED ENTRY ELEMENTS (KOHA) | |
| Source of classification or shelving scheme | Dewey Decimal Classification |
| Koha item type | Books |
| Lost status | Source of classification or shelving scheme | Damaged status | Not for loan | Collection code | Permanent Location | Current Location | Shelving location | Date acquired | Source of acquisition | Cost, normal purchase price | Total Checkouts | Full call number | Date last seen | Copy number | Koha item type |
|---|---|---|---|---|---|---|---|---|---|---|---|---|---|---|---|
| Dewey Decimal Classification | Not For Loan | Non-fiction | Central Library, University of Rajshahi | Central Library, University of Rajshahi | Reading Room | 26/05/1996 | Rajshahi : Uttarbango Library | 420.00 | B 294.59212 BRS V-2 1993 | 26/12/2023 | C-1 | Books |